000 00563nam a22002057a 4500
005 20250731134302.0
008 250731b |||||||| |||| 00| 0 eng d
020 _a978-8385915-47-5
082 _a611.9
_bCHA-H
100 _aBD,Chaurasia
245 _aBD,Chaurasia Human Anatomy-4 :
_bbrain-Neuroanatomy /
250 _a8th ed., Vol-4
260 _aIndia :
_bCBS Publisher ;
_c2020 .
300 _aviii ; 206p. :
_bill ;
_c28 cm.
490 _v4
500 _aPrinted in Pakistan.
650 _aMedical / Anatomy
700 _aBD,Chaurasia
999 _c37000
_d37000